UM Logo

Economics of social issues/ (Record no. 5668)

MARC details
000 -LEADER
fixed length control field 00661nam a2200205 4500
008 - FIXED-LENGTH DATA ELEMENTS--GENERAL INFORMATION
fixed length control field 161115b xxu||||| |||| 00| 0 eng d
020 ## - INTERNATIONAL STANDARD BOOK NUMBER
International Standard Book Number 978-1-259-25108-5
082 ## - DEWEY DECIMAL CLASSIFICATION NUMBER
Edition number 2016
Classification number DC 330
Item number R26
100 ## - MAIN ENTRY--PERSONAL NAME
9 (RLIN) 17400
Personal name Register, Charles A.
245 ## - TITLE STATEMENT
Title Economics of social issues/
Statement of responsibility, etc. Charles A. Register and Paul W. Grimes.
250 ## - EDITION STATEMENT
Edition statement Twenty-First Edition
260 ## - PUBLICATION, DISTRIBUTION, ETC. (IMPRINT)
Place of publication, distribution, etc. New York:
Name of publisher, distributor, etc. McGraw Hill Education,
Date of publication, distribution, etc. c2016.
300 ## - PHYSICAL DESCRIPTION
Extent xix, 470 pages:
Other physical details illustrations;
Dimensions 23 cm.
500 ## - GENERAL NOTE
General note Includes glossary and index.
650 #0 - SUBJECT ADDED ENTRY--TOPICAL TERM
9 (RLIN) 17401
Topical term or geographic name as entry element Economics
650 #0 - SUBJECT ADDED ENTRY--TOPICAL TERM
9 (RLIN) 17402
Topical term or geographic name as entry element Social Problems
700 ## - ADDED ENTRY--PERSONAL NAME
9 (RLIN) 17403
Personal name Grimes, Paul W.
365 ## - TRADE PRICE
Price amount 2,995
Currency code Php
942 ## - ADDED ENTRY ELEMENTS (KOHA)
Source of classification or shelving scheme Dewey Decimal Classification
Koha item type Circulation
Holdings
Withdrawn status Lost status Source of classification or shelving scheme Damaged status Not for loan Collection code Home library Current library Date acquired Source of acquisition Total Checkouts Full call number Barcode Date last seen Date last checked out Copy number Cost, replacement price Price effective from Koha item type
    Dewey Decimal Classification     Circulation UM Digos College - LIC UM Digos College - LIC 10/27/2016 Purchased 1 DC 330 R26 2016 24465 05/15/2025 11/26/2017 1 2995.00 11/15/2016 Circulation